| 000 | 01912nam0a2200301 i 4500 | ||
|---|---|---|---|
| 001 | RU\NLR\BIBL_A\011312558 | ||
| 005 | 20240921204414.0 | ||
| 010 |
_a9785731036993 _980 |
||
| 021 |
_aRU _b2016-97287 _96452 |
||
| 035 | _a(NLR Aleph) 011312558 | ||
| 090 |
_a11029250 _c11029250 |
||
| 100 | _a20170119d2016 um y0rusy50 ca | ||
| 101 | 0 |
_arus _deng |
|
| 102 | _aRU | ||
| 105 | _aa|||j|||000zy | ||
| 200 | 1 |
_aРевеню-менеджмент в международном бизнесе _eучебное пособие _e[для магистрантов, обучающихся по направлению подготовки "Экономика" (магистерская программа "Международная экономика")] _fК.Б. Костин _gМ-во образования и науки Рос. Федерации, Федер. гос. бюджет. образоват. учреждение высш. образования "С.-Петерб. гос. экон. ун-т", Каф. мировой экономики и междунар. отношений |
|
| 210 |
_aСанкт-Петербург _cИзд-во Санкт-Петербургского государственного экономического университета _d2016 |
||
| 215 |
_a95 с. _cил. _d21 |
||
| 300 | _aРез. на англ. яз. | ||
| 320 | _aБиблиогр.: с. 92-95 (58 назв.) | ||
| 606 | 1 |
_aПредпринимательство _jУчебные издания для высших учебных заведений _xИнновационная деятельность _yРоссийская Федерация _92091574 _3RU\NLR\AUTH\661569469 |
|
| 686 | 1 | _aУ9(2)-13(2Р)я73 | |
| 686 | 1 | _aУ9(2)-55(2Р)я73 | |
| 700 | 1 |
_aКостин _bК. Б. _gКонстантин Борисович |
|
| 942 | _cBOOK | ||
| 980 | _aNBR | ||